| 000 | 00867cab a22002295a 4500 | ||
|---|---|---|---|
| 001 | L147442 | ||
| 008 | 090512s2009 xxkd f 000 0 eng d | ||
| 035 | _a(Sirsi) u147442 | ||
| 041 | 0 | _aeng | |
| 110 | 2 |
_aAsiaProperty _95571 |
|
| 245 | 0 | 0 | _a2008 deal volume plummets in the Asia Pacific, but not as sharply as elsewhere |
| 260 | _c2009 | ||
| 490 | 0 |
_aAsia Property _vMarch 2009, 9(1) |
|
| 520 | _aConsiders the steep decline in Asia Pacific commercial real estate investment deals in 2008. Table covers Asia Pacific investment volumes and league tables list the 10 most active buyers, sellers and markets over the past 12 months. | ||
| 590 | _aKA | ||
| 651 | 4 | _aAsia Pacific | |
| 651 | 4 | _aChina | |
| 651 | 4 |
_aNew Zealand _y1947- |
|
| 651 | 4 | _aAustralia | |
| 690 | _aPROPERTY-COMMERCIAL PROPERTY-COMMERCIAL PROPERTY FINANCE AND INVESTMENT | ||
| 942 | _n0 | ||
| 999 |
_c81536 _d81536 |
||